| Tag |
First Indicator |
Second Indicator |
Subfields |
| LEADER |
00000cam a2200000 a 4500 |
| 001 |
in00002785942 |
| 006 |
m o d |
| 007 |
cr cn||||||||| |
| 008 |
111206s2012 enkac obe 000 0 eng d |
| 005 |
20250816212915.7 |
| 010 |
|
|
|z 2011944864
|
| 020 |
|
|
|z 9780123849250
|
| 020 |
|
|
|z 9780123849267 (e-book)
|
| 035 |
|
|
|a (CaPaEBR)ebr10533740
|
| 035 |
|
|
|a (OCoLC)785782450
|
| 040 |
|
|
|a CaPaEBR
|c CaPaEBR
|d UtOrBLW
|
| 050 |
1 |
4 |
|a BF697.5.B63
|b E53 2012eb
|
| 245 |
0 |
0 |
|a Encyclopedia of body image and human appearance.
|n Volume 2 /
|c editor-in-chief, Thomas Cash.
|
| 264 |
|
1 |
|a London :
|b Elsevier,
|c 2012.
|
| 300 |
|
|
|a 1 online resource (xxviii, pages 445-808) :
|b illustrations (some color), portraits (some color)
|
| 336 |
|
|
|a text
|b txt
|2 rdacontent
|
| 337 |
|
|
|a computer
|b c
|2 rdamedia
|
| 338 |
|
|
|a online resource
|b cr
|2 rdacarrier
|
| 504 |
|
|
|a Includes bibliographical references.
|
| 500 |
|
|
|a Electronic resource.
|
| 650 |
|
0 |
|a Body image
|x Social aspects.
|
| 650 |
|
0 |
|a Self-acceptance.
|
| 655 |
|
7 |
|a Electronic books.
|2 local
|
| 700 |
1 |
|
|a Cash, Thomas F.
|
| 710 |
2 |
|
|a ebrary, Inc.
|
| 856 |
4 |
0 |
|u https://ebookcentral.proquest.com/lib/tamucs/detail.action?docID=872580
|y Connect to the full text of this electronic book
|t 0
|
| 980 |
|
|
|a 121130
|b 500
|c USD
|e 750
|f YBP_EBR0000048047
|g 1
|
| 999 |
f |
f |
|s 7ec0fcba-6e0b-324b-a3e2-ca346cef2a6d
|i 1198c619-447d-3960-b0a8-e333458209b6
|t 0
|
| 999 |
|
|
|a MARS
|
| 952 |
f |
f |
|a Texas A&M University
|b College Station
|c Electronic Resources
|d Available Online
|t 0
|e BF697.5.B63 E53 2012eb
|h Library of Congress classification
|
| 998 |
f |
f |
|a BF697.5.B63 E53 2012eb
|t 0
|l Available Online
|